| 000 | 00786nam a22002297a 4500 | ||
|---|---|---|---|
| 003 | OSt | ||
| 005 | 20230728111032.0 | ||
| 008 | 140902b xxu||||| |||| 00| 0 eng d | ||
| 022 | _a08550832 | ||
| 040 | _cWIUC | ||
| 050 | _aKRX19.A3.G34(1982-83 pt.1) | ||
| 245 |
_aThe Ghana law reports 1982-83 part 1:cases determined by the high court, the court of Appeal and the supreme court of the republic of Ghana / _cedited by S.Y. Bimpong-Buta and assited by I.K. Agbosu |
||
| 250 | _aPart 1 | ||
| 260 |
_aAccra: _bCouncil for Law Reporting, _c1993. |
||
| 300 |
_axi,796 p. : _c25cm. |
||
| 440 | _vVol. 1 | ||
| 500 | _aIncludes index. | ||
| 700 |
_aSankah, D. R. K. _92129 |
||
| 700 |
_aBimpong-Buta, S. Y. _91005 |
||
| 800 |
_aBimpong-Buta, S.Y. _aAgbosu, I.K. _92154 |
||
| 942 |
_2lcc _cBK |
||
| 999 |
_c4076 _d11576 |
||